[Event "Bratislava Doprastav op"]
[Site "Bratislava"]
[Date "2010.07.07"]
[Round "8"]
[White "Just, Jozef"]
[Black "Kevicky, Rastislav"]
[Result "1-0"]
[WhiteElo "1804"]
[BlackElo "1544"]
[PlyCount "101"]
[EventDate "2010.07.02"]
[EventType "swiss"]
[EventRounds "9"]
[EventCountry "SVK"]
[SourceTitle "EXT 2012"]
[Source "ChessBase"]
[SourceDate "2011.11.24"]
[SourceVersion "1"]
[SourceVersionDate "2011.11.24"]
[SourceQuality "1"]

1. d4 d6 2. e4 g6 3. f4 Bg7 4. Nf3 Nf6 5. Bd3 0-0 6. h3 c5 7. c3 Qc7 8. Na3 a6 9. g4 d5 10. Qc2 c4 11. Be2 Nxe4 12. Be3 f5 13. Rg1 Bh6 14. g5 Bg7 15. h4 h5 16. gxh6 Bxh6 17. Rxg6+ Kh7 18. h5 Bxf4 19. Bxf4 Qxf4 20. Qc1 Qxc1+ 21. Rxc1 Rg8 22. Rxg8 Kxg8 23. Nd2 f4 24. Nxe4 dxe4 25. Bxc4+ Kg7 26. Kf2 Bg4 27. Rg1 e3+ 28. Ke1 Kh6 29. Rxg4 Nc6 30. Rxf4 Kxh5 31. Re4 b5 32. Bd5 Rc8 33. Bxc6 Rxc6 34. Rxe3 Rc7 35. Nc2 a5 36. Kf2 b4 37. Kg3 Kg6 38. Kf4 Kf6 39. d5 Rc4+ 40. Nd4 bxc3 41. bxc3 Ra4 42. Re2 Rc4 43. Rc2 Rc5 44. Ke4 Kf7 45. c4 a4 46. Rf2+ Ke8 47. Rf8+ Kd7 48. Kd3 Ra5 49. Kc3 Ra6 50. Ne6 Kd6 51. Kd4 1-0

[Event "Bratislava Doprastav op"]
[Site "Bratislava"]
[Date "2010.07.05"]
[Round "6"]
[White "Just, Jozef"]
[Black "Sturc, Jan"]
[Result "0-1"]
[WhiteElo "1804"]
[BlackElo "1970"]
[PlyCount "56"]
[EventDate "2010.07.02"]
[EventType "swiss"]
[EventRounds "9"]
[EventCountry "SVK"]
[SourceTitle "EXT 2012"]
[Source "ChessBase"]
[SourceDate "2011.11.24"]
[SourceVersion "1"]
[SourceVersionDate "2011.11.24"]
[SourceQuality "1"]

1. d4 d5 2. c4 c6 3. Nc3 Nf6 4. Nf3 e6 5. c5 b6 6. b4 a5 7. Qa4 Bb7 8. bxa5 Rxa5 9. Qb3 Nbd7 10. Bd2 Ra7 11. cxb6 Nxb6 12. e3 Bd6 13. a4 Nbd7 14. Bd3 0-0 15. Qc2 Ba6 16. Bxa6 Rxa6 17. Qd3 Qa8 18. h4 c5 19. Nb5 Bb8 20. a5 Rc8 21. Rc1 Ne4 22. Ng5 Ndf6 23. Bb4 c4 24. Qe2 Qb7 25. 0-0 Qxb5 26. Rb1 Qd7 27. Nxe4 Nxe4 28. f4 Ng3 0-1

[Event "Bratislava Doprastav op"]
[Site "Bratislava"]
[Date "2010.07.05"]
[Round "5"]
[White "Romhanyi, Milan"]
[Black "Just, Jozef"]
[Result "0-1"]
[WhiteElo "1000"]
[BlackElo "1804"]
[PlyCount "94"]
[EventDate "2010.07.02"]
[EventType "swiss"]
[EventRounds "9"]
[EventCountry "SVK"]
[SourceTitle "EXT 2012"]
[Source "ChessBase"]
[SourceDate "2011.11.24"]
[SourceVersion "1"]
[SourceVersionDate "2011.11.24"]
[SourceQuality "1"]

1. d4 Nf6 2. c4 e6 3. g3 d6 4. Bg2 Nc6 5. Nc3 a6 6. Bg5 h6 7. Bf4 g5 8. Be3 Ng4 9. Bc1 Qf6 10. Bxc6+ bxc6 11. f3 h5 12. fxg4 hxg4 13. d5 e5 14. e4 c5 15. Qd2 Rh5 16. Qf2 Qh8 17. Nge2 Be7 18. Be3 Bd7 19. 0-0-0 0-0-0 20. Nb1 Rf8 21. Bd2 f5 22. exf5 Bxf5 23. Qe1 Be4 24. Rf1 Bf3 25. Ba5 Rxh2 26. Rd2 Rg2 27. Ng1 Qh2 28. Rxg2 Qxg2 29. Qf2 Bxd5 30. Qxg2 Bxg2 31. Rxf8+ Bxf8 32. Kd2 Kd7 33. Ke3 c6 34. b4 d5 35. cxd5 cxd5 36. bxc5 Bxc5+ 37. Ke2 Bxg1 38. Bd2 Bf3+ 39. Kf1 Bc5 40. Bxg5 e4 41. Nc3 Kc6 42. Nxd5 Kxd5 43. Bd2 e3 44. Ba5 e2+ 45. Ke1 Bd6 46. Kf2 Kc4 47. Bd2 Bb4 0-1

[Event "Bratislava Doprastav op"]
[Site "Bratislava"]
[Date "2010.07.03"]
[Round "3"]
[White "Oprea, Erik"]
[Black "Just, Jozef"]
[Result "1-0"]
[WhiteElo "2122"]
[BlackElo "1804"]
[PlyCount "31"]
[EventDate "2010.07.02"]
[EventType "swiss"]
[EventRounds "9"]
[EventCountry "SVK"]
[SourceTitle "EXT 2012"]
[Source "ChessBase"]
[SourceDate "2011.11.24"]
[SourceVersion "1"]
[SourceVersionDate "2011.11.24"]
[SourceQuality "1"]

1. e4 c5 2. Nf3 Nc6 3. Nc3 a6 4. d4 cxd4 5. Nxd4 e6 6. a3 Qc7 7. Be3 Nf6 8. Be2 g6 9. Qd2 h5 10. g3 Bg7 11. 0-0 d6 12. a4 Bd7 13. Ra3 Nxd4 14. Bxd4 Bc6 15. a5 Nxe4 16. Nxe4 1-0

[Event "Bratislava Doprastav op"]
[Site "Bratislava"]
[Date "2010.07.03"]
[Round "2"]
[White "Tomovicsova, Evelina"]
[Black "Just, Jozef"]
[Result "0-1"]
[WhiteElo "1543"]
[BlackElo "1804"]
[PlyCount "64"]
[EventDate "2010.07.02"]
[EventType "swiss"]
[EventRounds "9"]
[EventCountry "SVK"]
[SourceTitle "EXT 2012"]
[Source "ChessBase"]
[SourceDate "2011.11.24"]
[SourceVersion "1"]
[SourceVersionDate "2011.11.24"]
[SourceQuality "1"]

1. e4 c5 2. Nf3 d6 3. Bb5+ Nc6 4. d4 a6 5. Bxc6+ bxc6 6. dxc5 Qa5+ 7. Nc3 Qxc5 8. 0-0 f6 9. Rb1 Bg4 10. Qd3 Qh5 11. Nd4 Bd7 12. Qc4 Qf7 13. Qxf7+ Kxf7 14. f4 e5 15. fxe5 dxe5 16. Nf5 g6 17. Ne3 Bc5 18. Kh1 Rb8 19. Nc4 Bd4 20. Ne2 Be6 21. Nxd4 Bxc4 22. Nxc6 Bxf1 23. Nxb8 Bb5 24. b3 Ne7 25. a4 Be2 26. Nxa6 Bxa6 27. b4 Bb7 28. b5 Bxe4 29. Rb2 Rd8 30. Be3 Rd1+ 31. Bg1 Rd2 32. b6 Bxg2# 0-1

[Event "SVK-ch Seniors-A"]
[Site "Tatranske Matliare"]
[Date "2010.06.06"]
[Round "1"]
[White "Drabek, Miloslav"]
[Black "Just, Jozef"]
[Result "1-0"]
[WhiteElo "2060"]
[BlackElo "1806"]
[PlyCount "67"]
[EventDate "2010.06.06"]
[EventType "swiss"]
[EventRounds "9"]
[EventCountry "SVK"]
[SourceTitle "EXT 2023"]
[Source "ChessBase"]
[SourceDate "2022.10.05"]
[SourceVersion "1"]
[SourceVersionDate "2022.10.05"]
[SourceQuality "1"]

1. d4 Nf6 2. Nf3 d6 3. c4 Bg4 4. Nc3 a6 5. e4 c6 6. Be2 h5 7. h3 Bd7 8. Bf4 Nh7 9. Qc2 g6 10. Rd1 Qa5 11. Qd2 b5 12. a3 Bg7 13. 0-0 f6 14. b4 Qc7 15. Bh6 Kf8 16. Nh4 Be8 17. Qe3 Kg8 18. Bxg7 Kxg7 19. Qg3 Nf8 20. c5 Nbd7 21. cxd6 Qb8 22. dxe7 Ne6 23. Qxb8 Rxb8 24. f4 Kf7 25. f5 gxf5 26. exf5 Nc7 27. Ng6 Rh6 28. Bf3 Nb6 29. d5 Ncxd5 30. Nxd5 Nc4 31. Nc7 Ne3 32. Nxe8 Rxg6 33. fxg6+ Kxe8 34. Rd8+ 1-0

[Event "Piestany op"]
[Site "Piestany"]
[Date "2009.07.26"]
[Round "1"]
[White "Just, Jozef"]
[Black "Jakubek, Peter"]
[Result "0-1"]
[WhiteElo "1820"]
[BlackElo "2139"]
[PlyCount "74"]
[EventDate "2009.07.26"]
[EventType "swiss"]
[EventRounds "7"]
[EventCountry "SVK"]
[SourceTitle "EXT 2010"]
[Source "ChessBase"]
[SourceDate "2010.11.25"]
[SourceVersion "1"]
[SourceVersionDate "2010.11.25"]
[SourceQuality "1"]

1. e4 c6 2. d4 d5 3. e5 Bf5 4. Nc3 e6 5. Nce2 Nd7 6. Ng3 Bg6 7. Nf3 Ne7 8. h4 h6 9. Bd3 Bxd3 10. Qxd3 c5 11. dxc5 Nc6 12. c3 Bxc5 13. Bf4 Qc7 14. Nh5 Bf8 15. 0-0-0 0-0-0 16. Rhe1 g6 17. Ng3 Nb6 18. Kb1 Kb8 19. Be3 Nc4 20. Bd4 Qa5 21. Nd2 Qb5 22. Nb3 a5 23. Re2 a4 24. Na1 h5 25. f4 Be7 26. f5 Bxh4 27. Nf1 Na3+ 28. Kc1 Nxd4 29. cxd4 Bg5+ 30. Ne3 Rc8+ 31. Nac2 Qxd3 32. Rxd3 Rxc2+ 33. Rxc2 Nc4 34. Re2 gxf5 35. g3 h4 36. Kc2 Nxe3+ 37. Rdxe3 h3 0-1

[Event "Bratislava Doprastav op"]
[Site "Bratislava"]
[Date "2009.07.10"]
[Round "8"]
[White "Ballo, Juraj"]
[Black "Just, Jozef"]
[Result "1-0"]
[WhiteElo "1484"]
[BlackElo "1820"]
[PlyCount "65"]
[EventDate "2009.07.04"]
[EventType "swiss"]
[EventRounds "9"]
[EventCountry "SVK"]
[SourceTitle "EXT 2015"]
[Source "ChessBase"]
[SourceDate "2014.11.20"]
[SourceVersion "1"]
[SourceVersionDate "2014.11.20"]
[SourceQuality "1"]

1. d4 Nf6 2. c4 c6 3. Nf3 d5 4. e3 Bg4 5. Be2 h5 6. Qa4 Nbd7 7. cxd5 Nb6 8. Qb3 Nfxd5 9. Nc3 Qc7 10. e4 Nxc3 11. bxc3 Be6 12. c4 f6 13. h4 Bf7 14. g3 Nd7 15. Be3 b5 16. d5 e5 17. dxc6 Nc5 18. Bxc5 Bxc5 19. Qxb5 Bb6 20. 0-0 Rb8 21. c5 Ba5 22. Qa6 Be6 23. Rfd1 0-0 24. Rd6 Bc8 25. Qc4+ Kh7 26. Nh2 Rb4 27. Qd3 Qf7 28. Qf3 g6 29. Rad1 Qxa2 30. Rxf6 Rxf6 31. Qxf6 Be6 32. Nf3 Kh6 33. Qh8# 1-0

[Event "Bratislava Doprastav op"]
[Site "Bratislava"]
[Date "2009.07.08"]
[Round "6"]
[White "Jancura, Andrej"]
[Black "Just, Jozef"]
[Result "1-0"]
[WhiteElo "1910"]
[BlackElo "1820"]
[PlyCount "97"]
[EventDate "2009.07.04"]
[EventType "swiss"]
[EventRounds "9"]
[EventCountry "SVK"]
[SourceTitle "EXT 2015"]
[Source "ChessBase"]
[SourceDate "2014.11.20"]
[SourceVersion "1"]
[SourceVersionDate "2014.11.20"]
[SourceQuality "1"]

1. d4 e6 2. Nf3 b6 3. g3 Bb7 4. Bg2 d6 5. 0-0 g6 6. c4 Bg7 7. Nc3 Ne7 8. e4 Nd7 9. Be3 f5 10. Qd2 fxe4 11. Ng5 Nf8 12. Ngxe4 d5 13. cxd5 Nxd5 14. Bg5 Qd7 15. Nxd5 Bxd5 16. Nf6+ Bxf6 17. Bxf6 Rg8 18. Rfe1 Bxg2 19. Kxg2 Qd5+ 20. Kg1 Nd7 21. Bg5 Nf8 22. Re5 Qd6 23. Rae1 Kd7 24. d5 Re8 25. Bf4 Qe7 26. dxe6+ Kc8 27. Qd5 Kb8 28. Bg5 Qd6 29. e7 Nd7 30. Qxd6 cxd6 31. Rd5 Kc7 32. Rc1+ Kb7 33. Rxd6 Nc5 34. b4 Ne4 35. Rd7+ Ka6 36. Bh6 Nf6 37. Rd6 Ng4 38. Bf8 Rgxf8 39. exf8Q Rxf8 40. f4 Rf7 41. Kg2 Re7 42. Rd2 Kb5 43. h3 Ne3+ 44. Kf2 Nf5 45. g4 Ng7 46. Rd4 Rf7 47. Re4 g5 48. f5 h5 49. Ke3 1-0

[Event "SVK-ch Seniors-A"]
[Site "Tatranske Matliare"]
[Date "2009.??.??"]
[Round "7"]
[White "Just, Jozef"]
[Black "Rucka, Alois"]
[Result "1-0"]
[WhiteElo "1843"]
[BlackElo "1902"]
[PlyCount "61"]
[EventDate "2009.05.31"]
[EventType "swiss"]
[EventRounds "9"]
[EventCountry "SVK"]
[SourceTitle "EXT 2023"]
[Source "ChessBase"]
[SourceDate "2022.10.05"]
[SourceVersion "1"]
[SourceVersionDate "2022.10.05"]
[SourceQuality "1"]

1. g3 d5 2. Bg2 c5 3. e3 Nf6 4. b3 Nc6 5. Bb2 e6 6. d3 Be7 7. Ne2 0-0 8. Nd2 Qc7 9. Nf4 b6 10. g4 Bb7 11. g5 Nd7 12. h4 Nde5 13. Nh3 Rad8 14. f4 Ng6 15. Qg4 Bd6 16. h5 Nb4 17. hxg6 Nxc2+ 18. Ke2 hxg6 19. Rac1 Nxe3 20. Kxe3 d4+ 21. Kf2 f5 22. gxf6 Rxf6 23. Bxb7 Rdf8 24. Bf3 Bxf4 25. Nxf4 Rxf4 26. Qxe6+ R8f7 27. Qe8+ Rf8 28. Qxg6 R8f6 29. Qh7+ Kf8 30. Rce1 Rg4 31. Qh8+ 1-0

[Event "Bratislava Doprastav op"]
[Site "Bratislava"]
[Date "2008.06.29"]
[Round "3"]
[White "Horvath, Marek"]
[Black "Just, Jozef"]
[Result "0-1"]
[WhiteElo "1694"]
[BlackElo "1879"]
[PlyCount "78"]
[EventDate "2008.06.28"]
[EventType "swiss"]
[EventRounds "7"]
[EventCountry "SVK"]
[SourceTitle "CBM 125 Extra"]
[Source "ChessBase"]
[SourceDate "2008.09.01"]
[SourceVersion "1"]
[SourceVersionDate "2008.09.01"]
[SourceQuality "1"]

1. e4 c5 2. Nf3 d6 3. d4 cxd4 4. Nxd4 a6 5. Be2 Nc6 6. 0-0 Bd7 7. a4 Nf6 8. Nc3 e6 9. Bg5 h6 10. Be3 Qc7 11. f4 Be7 12. Kh1 Na5 13. Qd2 Nc4 14. Bxc4 Qxc4 15. a5 Rc8 16. e5 dxe5 17. fxe5 Ng4 18. Bf4 g5 19. Bg3 h5 20. h3 Nh6 21. Rad1 Qc7 22. Ne4 Nf5 23. Nxf5 exf5 24. Nd6+ Bxd6 25. exd6 Qd8 26. Rde1+ Kf8 27. Re7 Rg8 28. Bf2 Rc6 29. Bb6 Qc8 30. Qd5 Rg7 31. c3 f4 32. Bd4 Rh7 33. Qxg5 Rxd6 34. Rxf4 Be6 35. Bc5 Rg7 36. Rfxf7+ Bxf7 37. Rxf7+ Kxf7 38. Qf4+ Rf6 39. Qc4+ Qe6 0-1

[Event "SVK-ch Seniors op"]
[Site "Tatranske Matliare"]
[Date "2007.06.10"]
[Round "1"]
[White "Just, Jozef"]
[Black "Zuberec, Milan"]
[Result "0-1"]
[WhiteElo "1894"]
[BlackElo "2093"]
[PlyCount "28"]
[EventDate "2007.06.10"]
[EventType "swiss"]
[EventRounds "9"]
[EventCountry "SVK"]
[SourceTitle "EXT 2008"]
[Source "ChessBase"]
[SourceDate "2007.11.25"]
[SourceVersion "1"]
[SourceVersionDate "2007.11.25"]
[SourceQuality "1"]

1. e4 e5 2. Nf3 Nc6 3. d4 exd4 4. Nxd4 Bc5 5. Be3 Qf6 6. c3 Bb6 7. Na3 Nge7 8. Nc4 0-0 9. h4 d5 10. Bg5 Qg6 11. Nxb6 axb6 12. Be3 dxe4 13. Be2 Nxd4 14. Bh5 Nf3+ 0-1

[Event "Bratislava Doprastav op"]
[Site "Bratislava"]
[Date "2005.07.02"]
[Round "9"]
[White "Just, Jozef"]
[Black "Halasz, Michal"]
[Result "0-1"]
[WhiteElo "1991"]
[BlackElo "1883"]
[PlyCount "120"]
[EventDate "2005.06.25"]
[EventType "swiss"]
[EventRounds "9"]
[EventCountry "SVK"]
[SourceTitle "EXT 2006"]
[Source "ChessBase"]
[SourceDate "2005.11.24"]
[SourceVersion "1"]
[SourceVersionDate "2005.11.24"]
[SourceQuality "1"]

1. e4 e6 2. c4 c5 3. Nc3 Nc6 4. Nf3 g6 5. d4 cxd4 6. Nxd4 Bg7 7. Ndb5 Bf8 8. Nd6+ Bxd6 9. Qxd6 Qe7 10. Nb5 Qxd6 11. Nxd6+ Ke7 12. c5 Nf6 13. Bg5 h6 14. Bd2 Ne8 15. Bc3 e5 16. Nc4 f6 17. 0-0-0 Ng7 18. Nd6 Ne6 19. Bc4 Nxc5 20. b4 Na4 21. Be1 Nd4 22. Nb5 Nxb5 23. Bxb5 Nb6 24. Bd2 d6 25. f4 Be6 26. Kb1 Nc4 27. Bc1 a5 28. bxa5 Rxa5 29. a4 Rc8 30. Rd3 Bd7 31. fxe5 Nxe5 32. Rb3 Bxb5 33. Bd2 Bd3+ 34. Rxd3 Rxa4 35. Rb3 Rc7 36. Bxh6 Rxe4 37. g3 Nc4 38. h4 g5 39. Rh2 Re1+ 40. Ka2 Na5 41. Rb1 Rxb1 42. Kxb1 gxh4 43. gxh4 Nc4 44. Rg2 Ne5 45. Bf4 Ke6 46. h5 Rh7 47. h6 Nf7 48. Rg7 Rh8 49. h7 Ng5 50. Rxb7 Rxh7 51. Rb6 Ne4 52. Kc2 Rh3 53. Rb8 Rc3+ 54. Kd1 Rf3 55. Bh6 Rf2 56. Be3 Ra2 57. Bh6 Kd5 58. Rf8 Kd4 59. Bg7 Kd3 60. Kc1 Nc3 0-1

[Event "Bratislava Doprastav op"]
[Site "Bratislava"]
[Date "2005.06.27"]
[Round "4"]
[White "Goga, Frantisek"]
[Black "Just, Jozef"]
[Result "1-0"]
[WhiteElo "2067"]
[BlackElo "1991"]
[PlyCount "31"]
[EventDate "2005.06.25"]
[EventType "swiss"]
[EventRounds "9"]
[EventCountry "SVK"]
[SourceTitle "EXT 2006"]
[Source "ChessBase"]
[SourceDate "2005.11.24"]
[SourceVersion "1"]
[SourceVersionDate "2005.11.24"]
[SourceQuality "1"]

1. e4 e5 2. Nf3 d6 3. d4 Nd7 4. Nc3 Ngf6 5. Bc4 h6 6. 0-0 Nb6 7. Be2 Nbd7 8. h3 b6 9. Bb5 Bb7 10. dxe5 Nxe4 11. Nxe4 Bxe4 12. Re1 Bxf3 13. exd6+ Be7 14. dxe7 Bxd1 15. exd8Q+ Kxd8 16. Rxd1 1-0

[Event "Bratislava Doprastav op"]
[Site "Bratislava"]
[Date "2005.06.26"]
[Round "3"]
[White "Just, Jozef"]
[Black "Priam, Stefan"]
[Result "1-0"]
[WhiteElo "1991"]
[BlackElo "1845"]
[PlyCount "91"]
[EventDate "2005.06.25"]
[EventType "swiss"]
[EventRounds "9"]
[EventCountry "SVK"]
[SourceTitle "EXT 2006"]
[Source "ChessBase"]
[SourceDate "2005.11.24"]
[SourceVersion "1"]
[SourceVersionDate "2005.11.24"]
[SourceQuality "1"]

1. e4 e6 2. c4 g6 3. Nf3 Bg7 4. d4 d6 5. Nc3 Nc6 6. Be3 Nf6 7. Qb3 Rb8 8. d5 exd5 9. cxd5 Ne5 10. Nxe5 dxe5 11. Bxa7 Ra8 12. Bc5 Nd7 13. Bb5 c6 14. dxc6 Nxc5 15. cxb7+ Bd7 16. Bxd7+ Nxd7 17. bxa8Q Qxa8 18. 0-0-0 Qc8 19. Qb5 Ke7 20. Rd5 Rd8 21. Rhd1 Bf6 22. Kb1 Ke8 23. Rd6 Be7 24. Rc6 Qa8 25. Rc7 Qb8 26. Qxb8 Nxb8 27. Nd5 Bg5 28. g3 Nd7 29. h4 Be7 30. a4 Bd6 31. Rc6 Nc5 32. Nc7+ Bxc7 33. Rxd8+ Kxd8 34. Rxc5 f5 35. f3 Kd7 36. b4 Bd6 37. Rd5 Ke6 38. b5 Bb4 39. b6 Bd6 40. a5 h6 41. a6 g5 42. a7 f4 43. a8Q fxg3 44. Qe8+ Be7 45. Rd7 g2 46. Qxe7# 1-0

[Event "Bratislava Doprastav op"]
[Site "Bratislava"]
[Date "2005.06.26"]
[Round "2"]
[White "Mikulas, Dusan"]
[Black "Just, Jozef"]
[Result "1-0"]
[WhiteElo "2151"]
[BlackElo "1991"]
[PlyCount "79"]
[EventDate "2005.06.25"]
[EventType "swiss"]
[EventRounds "9"]
[EventCountry "SVK"]
[SourceTitle "EXT 2006"]
[Source "ChessBase"]
[SourceDate "2005.11.24"]
[SourceVersion "1"]
[SourceVersionDate "2005.11.24"]
[SourceQuality "1"]

1. e4 d6 2. d4 g6 3. Nc3 Bg7 4. f4 Nc6 5. d5 Nb8 6. Nf3 Nd7 7. Bd3 a6 8. 0-0 Nc5 9. Qe1 Nxd3 10. cxd3 Nh6 11. f5 c6 12. Qh4 Qb6+ 13. Kh1 Ng8 14. Qg3 Nf6 15. dxc6 bxc6 16. Nd2 Nh5 17. Qf3 Nf6 18. Nc4 Qc7 19. Bf4 gxf5 20. e5 dxe5 21. Bxe5 Qd8 22. Qxc6+ Bd7 23. Qf3 Rc8 24. Qg3 Kf8 25. Nd5 Bc6 26. Nxf6 Bxf6 27. Bxf6 Rg8 28. Bg5 Rg6 29. Qe3 Kg8 30. Ne5 Qd5 31. Nxc6 Rcxc6 32. Rf2 Rce6 33. Qd2 h6 34. Bf4 Qb7 35. Rc1 Qd5 36. b3 Rb6 37. Qe2 Rg4 38. Qe5 Qxd3 39. Rc8+ Kh7 40. Qh8+ 1-0

[Event "Bratislava Doprastav op"]
[Site "Bratislava"]
[Date "2005.06.25"]
[Round "1"]
[White "Just, Jozef"]
[Black "Kovac, Andrej"]
[Result "1/2-1/2"]
[WhiteElo "1991"]
[BlackElo "1528"]
[PlyCount "67"]
[EventDate "2005.06.25"]
[EventType "swiss"]
[EventRounds "9"]
[EventCountry "SVK"]
[SourceTitle "EXT 2006"]
[Source "ChessBase"]
[SourceDate "2005.11.24"]
[SourceVersion "1"]
[SourceVersionDate "2005.11.24"]
[SourceQuality "1"]

1. e4 e5 2. Nf3 Nc6 3. d4 exd4 4. Nxd4 Bc5 5. Be3 Bxd4 6. Bxd4 Nf6 7. Nc3 0-0 8. Be3 Re8 9. Bd3 d6 10. 0-0 Ne5 11. Be2 Ng6 12. f3 Nh5 13. f4 Nf6 14. f5 Ne5 15. Bg5 h6 16. Bh4 Ned7 17. Bb5 c6 18. Bd3 Qb6+ 19. Bf2 Qxb2 20. Bd4 Qb4 21. Be2 Nxe4 22. Nxe4 Rxe4 23. c3 Qb2 24. Bf3 Re8 25. Rf2 Qb5 26. Rb1 Qa5 27. c4 Ne5 28. Bh5 b6 29. Rb3 Ba6 30. Rg3 Bxc4 31. Bc3 Qc5 32. Bd4 Qa5 33. Bc3 Qc5 34. Bd4 1/2-1/2

[Event "Bratislava Slovan op"]
[Site "Bratislava"]
[Date "2004.05.05"]
[Round "6"]
[White "Tomcik, Leon"]
[Black "Just, Jozef"]
[Result "0-1"]
[WhiteElo "1432"]
[BlackElo "1975"]
[PlyCount "72"]
[EventDate "2004.05.??"]
[EventType "swiss"]
[EventRounds "9"]
[EventCountry "SVK"]
[SourceTitle "EXT 2005"]
[Source "ChessBase"]
[SourceDate "2004.11.15"]
[SourceVersion "1"]
[SourceVersionDate "2004.11.15"]
[SourceQuality "1"]

1. e4 c5 2. Nf3 d6 3. d4 cxd4 4. Nxd4 Nf6 5. Nc3 a6 6. Be2 Nbd7 7. Be3 b5 8. Qd2 Bb7 9. f3 Rc8 10. Nb3 Ne5 11. Qd4 Nc4 12. Bxc4 Rxc4 13. Qa7 Qa8 14. Qb6 Nd7 15. Qa5 e6 16. 0-0-0 Be7 17. Bf4 Bd8 18. Qa3 b4 19. Nb5 bxa3 20. Nxd6+ Kf8 21. Nxc4 axb2+ 22. Kxb2 Bc6 23. Rd2 f6 24. Rhd1 e5 25. Be3 Ke7 26. h4 h5 27. Nd6 g6 28. Ka1 Bc7 29. Nc4 a5 30. Rb1 a4 31. Nc5 Nxc5 32. Bxc5+ Ke6 33. Ne3 Rd8 34. Rf2 Ba5 35. Nc4 Bc3+ 36. Rb2 Rd1# 0-1

[Event "Bratislava Slovan op"]
[Site "Bratislava"]
[Date "2004.05.04"]
[Round "5"]
[White "Pribila, Michal"]
[Black "Just, Jozef"]
[Result "1-0"]
[WhiteElo "1796"]
[BlackElo "1975"]
[PlyCount "67"]
[EventDate "2004.05.??"]
[EventType "swiss"]
[EventRounds "9"]
[EventCountry "SVK"]
[SourceTitle "EXT 2005"]
[Source "ChessBase"]
[SourceDate "2004.11.15"]
[SourceVersion "1"]
[SourceVersionDate "2004.11.15"]
[SourceQuality "1"]

1. e4 d6 2. d4 g6 3. Nc3 a6 4. Be3 Bg7 5. Qd2 Nf6 6. Be2 h5 7. h3 Nbd7 8. f4 Nb6 9. Nf3 Bd7 10. a4 a5 11. Ng5 Qc8 12. d5 c5 13. dxc6 Qxc6 14. e5 Nh7 15. e6 fxe6 16. Bb5 Bxc3 17. bxc3 Qd5 18. Bxb6 Nxg5 19. Qxd5 exd5 20. fxg5 Rc8 21. Bxa5 h4 22. Bxd7+ Kxd7 23. Rb1 Rh5 24. Rxb7+ Ke6 25. 0-0 Rxg5 26. Re1+ Re5 27. Rxe5+ dxe5 28. Bb4 Kf5 29. Rxe7 Rc6 30. a5 e4 31. Rf7+ Ke6 32. Rb7 Rc8 33. a6 e3 34. Re7+ 1-0